000
00251pam a2200133 a 4500
020
_c
041
_h
100
_a
S. V. Sohoni
245
_a
A New Approach Dictionary
260
_c
1995
300
_a
1007
653
_a
Dictionary
930
_a
913
999
_c
246766
_d
246766